000 00452nam a22001457a 4500
999 _c9568
_d9568
003 GBCCL
005 20241126110714.0
008 230316b ||||| |||| 00| 0 eng d
040 _cgbc
082 _aARCH GBC-2022
_bCIN
100 _aCin Tuan Khai,T
_916639
245 _aA critical study on Friedrich Daniel Ernst Schleiermacher’s comparatibilism free-will in light of Biblical perspectives /
_cT Cin Tuan Khai
300 _a50p. ;
942 _2ddc
_cTH